| 000 | 00489nam a2200193Ia 4500 | ||
|---|---|---|---|
| 008 | 240510s9999 xx 000 0 und d | ||
| 020 | _a0008176351962 | ||
| 041 | _aEng | ||
| 082 | _a005.118 | ||
| 082 | _bR51 | ||
| 100 | _aROBISON L.. | ||
| 245 | 0 | _aSAMS TEACH YOURSELF DATABASE PROGRAMMING WITH VISUAL C++ 6 IN 21 DAYS | |
| 260 | _bNEW DELHI : TECHMEDIA : | ||
| 260 | _c1999 | ||
| 300 | _a570 p. | ||
| 650 | _aVISUAL C++ : VISUAL PROGRAMMING | ||
| 942 | _2ddc | ||
| 942 | _cRBK | ||
| 999 |
_c26833 _d26833 |
||
| 945 |
_a1 _bMadushi Gamage _c1 _dMadushi Gamage |
||